000 00836nam a2200229 a 4500
001 BRCA_3834
005 20190320204436.0
008 111209s1913----mx-a######---#000-0#spa-#
041 _aspa
044 _amx
050 4 _aF1386.6
_b.F47 1913
100 1 _aFernández del Castillo, Francisco
_98248
245 1 0 _aApuntes para la historia de San Angel (San Jacinto Tenanitla) y sus alrededores
_btradiciones, historia, leyendas...
_cpor Francisco Fernández del Castillo.
260 _aMéxico
_bMuseo Nacional de Arqueología, Historia y Etnología
_c1913
300 _aiv, 253 p.
_bil. , 32 láminas
_c20 cm.
500 _aB178
651 4 _aLeyendas
_xSan Angel
_y(México, D.F.)
_99984
651 4 _aMéxico (Ciudad)
_vHistoria
_99985
651 4 _aMéxico (Ciudad)
_vVida social y costumbres
_99986
902 _aGFM
942 _2lcc
_cB
999 _c3562
_d3562